000 00737nam a2200205Ii 4500
003 JO-AjNU
008 230605s9999||||xx |||||||||||||| ||und||
040 _aJO-AjNU
_bara
_erda
_cJO-AjNU
041 _aara
050 1 4 _aPJ61601.M8 1993
100 3 _aتاليف عبد الحميد ،محمد محي الدين,
_eauthor
_921084
245 0 0 _aالتحفة السنّية بشرح المقدمة الآجرومية
250 _aط1
264 3 1 _aد.م:مكتبة عيسى الحلبي وأولادة، 1993
300 _a166ص
336 _atext
_btxt
_2rdacontent
337 _aunmediated
_bn
_2rdamedia
338 _avolume
_bnc
_2rdacarrier
650 4 _aالتحفة السمية بشرح المقدمة الأجرومية
_921085
999 _aA7266
_c10834
_d10834